LEADER 01098nas a2200229 i 4500 001 000000237328 003 CaOOAMICUS 005 20150112000000.0 008 141219b2013 it uu u0 0mul r 013 $a216233 040 $aSeMil$bita 245 10$a2013. 260 $aFirenze :$bSocietą Italiana di Antropologia e Etnologia,$c2013 (stampa 2014) 300 $a212 p. :$bill., grafici, tabelle ;$c24 cm. 500 $aArticoli con sintesi in italiano [Riassunto] e in inglese [Summary] in testa. - Contiene : Rendiconti della Societą Italiana di Antropologia e Etnologia [febbraio-novembre 2013]. 773 0 $tArchivio per l'Antropologia e l'Etnologia.$dFirenze : La Nuova Italia $x0373-3009$w()1910 774 0 $t[vedi periodico].$w()283296 850 $aSeMil 852 $aSeMil$W1$xVenegono$y1$m95 5 46$j187674$B187674$CSeMilBibl$Z2$F198952 $85 961 $aAbbonamento: Societą Italiana di Antropologia e Etnologia 996 $6245$a2013$9(OLS)http://semarc/title/165702 996 $6260$aFirenze :$bSocietą Italiana di Antropologia e Etnologia$9(OLS)http://semarc/publisher/47351 LEADER 00988nam a2200241 i 4500 001 000000124690 003 CaOOAMICUS 005 20040327000000.0 008 040327s1991 it u000 u eng u 013 $a97387 040 $aSeMil$bita 100 1 $aMartinez, Rosalino.$0(OLS)http://semarc/name/51820 245 10$aNational History Museum Chapultepec Castle /$cTextes : Rosalino Martinez ... [et al.]. 260 $aS.l. :$bInah-Salvat,$c1991. 300 $a112 p. :$bill. ;$c21 cm. 490 0 $aOfficial Guide 500 $aContiene : Bibliography. 650 4$aCittą del Messico - Museo Nacional de Historia.$0(OLS)http://semarc/subject/24108 830 0$aOfficial Guide.$0(OLS)http://semarc/title/14901 850 $aSeMil 852 $aSeMil$W1$xVenegono$y1$m663 51 2 *$j79228$B79228$CSeMilBibl$Z2$F81397 $81 996 $6245$aNational History Museum Chapultepec Castle$9(OLS)http://semarc/title/183517 996 $6260$aS.l. :$bInah-Salvat$9(OLS)http://semarc/publisher/33103